Effect of different rice husk chamrcoal rates on lettuce in sandy loam soil condition; ឥទ្ធិពលកម្រិតធ្យូងអង្កាម ទៅលើដំណាំសាលាដក្នុងលក្ខខណ្ឌដីល្បាយខ្សាច់ (Record no. 11595)

000 -LEADER
fixed length control field 00574nam a22001337a 4500
040 ## - CATALOGING SOURCE
Transcribing agency RUA
082 ## - DEWEY DECIMAL CLASSIFICATION NUMBER
Classification number AGR RY 2015 B556 Or.1
100 ## - MAIN ENTRY--AUTHOR NAME
Personal name RY PHOAN; រី ភ័ណ
245 ## - TITLE STATEMENT
Title Effect of different rice husk chamrcoal rates on lettuce in sandy loam soil condition; ឥទ្ធិពលកម្រិតធ្យូងអង្កាម ទៅលើដំណាំសាលាដក្នុងលក្ខខណ្ឌដីល្បាយខ្សាច់
260 ## - PUBLICATION, DISTRIBUTION, ETC. (IMPRINT)
Place of publication Phnom Penh
Name of publisher RUA
Year of publication 2015
300 ## - PHYSICAL DESCRIPTION
Number of Pages x; 40p;
Other physical details ill;
Dimensions 29cm;
856 ## - ELECTRONIC LOCATION AND ACCESS
Uniform Resource Identifier RY PHOAN
942 ## - ADDED ENTRY ELEMENTS (KOHA)
Koha item type AGR
952 ## - LOCATION AND ITEM INFORMATION (KOHA)
Withdrawn status [LOCAL, KOHA] 0
952 ## - LOCATION AND ITEM INFORMATION (KOHA)
Withdrawn status [LOCAL, KOHA] 0
952 ## - LOCATION AND ITEM INFORMATION (KOHA)
Withdrawn status [LOCAL, KOHA] 0
952 ## - LOCATION AND ITEM INFORMATION (KOHA)
Withdrawn status [LOCAL, KOHA] 0
952 ## - LOCATION AND ITEM INFORMATION (KOHA)
Withdrawn status [LOCAL, KOHA] 0
952 ## - LOCATION AND ITEM INFORMATION (KOHA)
Withdrawn status [LOCAL, KOHA] 0
952 ## - LOCATION AND ITEM INFORMATION (KOHA)
Withdrawn status [LOCAL, KOHA] 0
952 ## - LOCATION AND ITEM INFORMATION (KOHA)
Withdrawn status [LOCAL, KOHA] 0
Holdings
Permanent Location Date acquired Koha item type Lost status Shelving location Barcode Current Location Full call number
Library Block B2017-08-03AGR B556A12743Library Block BAGR RY 2015 B556 Or.1
Library Block B2017-08-03AGR B556A12628Library Block BAGR RY 2015 B556 Or.2
Library Block B2017-08-03AGR B556A12683Library Block BAGR RY 2015 B556 Or.3
Library Block B2017-08-03AGR B556A12668Library Block BAGR RY 2015 B556 Or.4
Library Block B2017-08-03AGR B556A12663Library Block BAGR RY 2015 B556 Or.5
Library Block B2017-08-03AGR B556A12688Library Block BAGR RY 2015 B556 Or.6
Library Block B2017-08-03AGR B556A12703Library Block BAGR RY 2015 B556 Or.7
Library Block B2017-08-03AGR B556A12733Library Block BAGR RY 2015 B556 Or.8
មជ្ឈមណ្ឌលឯការនៃសាកលវិទ្យាល័យភូមិន្ទកសិកម្មចំការដូង

Powered by Koha